000 00720nac a22002291u 4500
010 _a97209140
020 _a0030204577
082 0 0 _a530
_bS492
090 _c1356
_d1356
100 _aSerway, Raymond A.
245 1 0 _aPrinciples of physics /
_cRaymond A. Serway ; with contributions by John W. Jewett, Jr.
250 _a2nd ed.
260 _aFort Worth :
_bSaunders College Pub.,
_cc1998.
300 _axxxii, 954 p. :
_bill. (some col.) ;
_c27 cm.
490 0 _aSaunders golden sunburst series
500 _aIncludes index.
650 0 _aPhysics.
942 _cBB
_k530S492
_hRDA-MOD
999 _c1356
_d1356
336 _2rdacontent
_atext
_btxt
337 _aunmediated
_2rdamedia
_bn
338 _avolume
_bnc
_2rdacarrier